00358 2200145 4500001002100000008004200021035002000063245004900083100001700132260000900149300001300158020001800171084001400189990000900203INLIS000000000003939 I nd  a0010-0723000424 aCrayon SinchanbCrayon SinchancYoshito Usai aYoshito Usai c2005 a120 hlm. a978-9374-00-6 a059 CRA y a4024